| Tag |
First Indicator |
Second Indicator |
Subfields |
| LEADER |
00000cam a2200000 a 4500 |
| 001 |
in00001155921 |
| 005 |
20151001052253.0 |
| 007 |
he bmb|||baca |
| 008 |
880311s1861 mau b 000 0 eng d |
| 035 |
|
|
|a (OCoLC)17613144
|
| 035 |
|
|
|9 AGC7888AM
|
| 040 |
|
|
|a GUA
|c GUA
|d TXA
|d UtOrBLW
|
| 043 |
|
|
|a n-us---
|a n-usu--
|
| 045 |
|
|
|a w6w6
|
| 049 |
|
|
|a TXAI
|
| 090 |
|
|
|a Z1201.S45
|b R93 C5
|
| 099 |
|
|
|a fiche
|a C
|a 10282
|
| 100 |
1 |
|
|a Russell, William Howard,
|c Sir,
|d 1820-1907.
|
| 245 |
1 |
4 |
|a The Civil War in America /
|c by William H. Russell.
|
| 264 |
|
1 |
|a Boston :
|b G.A. Fuller,
|c [1861]
|
| 300 |
|
|
|a 189 pages ;
|c 20 cm.
|
| 336 |
|
|
|a text
|b txt
|2 rdacontent
|
| 337 |
|
|
|a microform
|b h
|2 rdamedia
|
| 338 |
|
|
|a microfiche
|b he
|2 rdacarrier
|
| 490 |
1 |
|
|a Fuller's modern age ;
|v no. 1
|
| 500 |
|
|
|a This work with the exception of the first five letters, appeared also under title: Pictures of southern life, social, political, and military.
|
| 510 |
4 |
|
|a Sabin
|c 74400
|
| 533 |
|
|
|a Microfiche.
|b Louisville, Ky. :
|c Lost Cause Press,
|d 1985.
|e 4 microfiches : negative ; 11 x 15 cm.
|f (Selected Americana from Sabin's Dictionary of books relating to America)
|
| 539 |
|
|
|a s
|b 1985
|d kyu
|e n
|
| 500 |
|
|
|a Microform.
|
| 651 |
|
0 |
|a United States
|x History
|y Civil War, 1861-1865.
|
| 651 |
|
0 |
|a Confederate States of America.
|
| 651 |
|
0 |
|a Southern States
|x Description and travel.
|
| 740 |
0 |
|
|a Pictures of southern life, social, political, and military.
|
| 830 |
|
0 |
|a Fuller's modern age ;
|v no. 1.
|
| 999 |
|
|
|a MARS
|
| 999 |
f |
f |
|s 953e73dd-0317-3ef1-84c4-4f39bcf12b4d
|i 69792874-1d48-3bc7-8b38-dee0ab01bd82
|t 0
|
| 952 |
f |
f |
|p default
|a Texas A&M University
|b College Station
|c Sterling C. Evans Library
|d Evans: Microforms (3rd floor)
|t 0
|e fiche C 10282
|h Other scheme
|i microform -- microfiche
|
| 998 |
f |
f |
|a fiche C 10282
|t 0
|l Evans: Microforms (3rd floor)
|